| 000 | 00632nam a22001937a 4500 | ||
|---|---|---|---|
| 005 | 20251108165326.0 | ||
| 008 | 250721s1995 xx 000 0 ara d | ||
| 082 | 1 | 4 | _a635.8/محم |
| 100 | 1 | _aأحمد، محمد علي | |
| 245 | 1 | 0 | _aعيش الغراب البري و الكمأة الترفاس / |
| 264 | 1 |
_aالقاهرة : _bالدار العربية للنشر و التوزيع، _c1995. |
|
| 300 | _a407ص | ||
| 490 | 0 | _aموسوعة عيش الغراب العلمية ؛ 1 | |
| 650 | 1 | 7 | _aعيش الغراب |
| 650 | 1 | 7 | _aالطب الشعبي |
| 650 | 1 | 7 | _aالفطريات |
| 942 |
_2ddc _cBK |
||
| 999 |
_c25140 _d25140 |
||